| 000 | 00835nam a2200229 a 4500 | ||
|---|---|---|---|
| 005 | 20231101063714.0 | ||
| 008 | 180122s2005 mx r 000 0 spa d | ||
| 020 | _a9681211936 | ||
| 035 | _aUPN01000222280 | ||
| 049 | _aCG | ||
| 050 | 4 |
_aML3570 _bG5.6 |
|
| 245 | 0 | 0 |
_aGlosas en décimas de San Luis Potosí : _bde Armadillo de los Infante a la Sierra Gorda / _ccomp. Socorro Perea. |
| 260 |
_aMéxico : _bEl Colegio de México, Centro de Estudios Lingüísticos y Literarios : _bUniversidad Autónoma de San Luis Potosí, _c2005. |
||
| 300 | _a568 p. | ||
| 440 | 0 |
_aSeminario de tradiciones populares. _pLenguajes y tradiciones. |
|
| 650 | 4 |
_aCANCIONES FOLKLORICAS MEXICANAS _95642 |
|
| 650 | 4 |
_aPoesía mexicana _91273 |
|
| 650 | 4 |
_aDECIMAS _912932 |
|
| 700 | 1 |
_aPerea, Socorro, _ecomp. |
|
| 905 | _aLibro | ||
| 999 |
_c194377 _d194377 |
||